| 000 | 01336cam a22002895a 4500 | ||
|---|---|---|---|
| 001 | L145521 | ||
| 008 | 081017s2008 xxk f 001 0 eng d | ||
| 020 | _a9781842191538 | ||
| 035 | _a(Sirsi) u145521 | ||
| 041 | 0 | _aeng | |
| 050 | 0 | 4 | _a346.410435 $2 18 |
| 100 | 1 | _aHannaford, Sarah | |
| 245 | 0 | 0 |
_aCase in point _brights to light |
| 260 |
_aLondon _bRICS _c2008 |
||
| 300 |
_axx, 174p. _c21cm. |
||
| 350 | _a28.50 | ||
| 490 | _aRICS Case in Point Series | ||
| 505 | 2 | _aPreface -- List of Acts and abbreviations -- Table of cases -- Introduction -- Acquisition -- Acquisition by prescription -- Extinguishment -- Infringement of rights to light -- Causes of action and parties -- High hedges | |
| 520 | _aPractical, case-based guide to rights to light provides summaries of cases supported by commentary from expert contributors. Aspects of the topic covered include acquisition of rights to light, infringement of rights to light and factors determining whether infringement has occurred and discussion on the remedies available to parties in rights to light disputes. | ||
| 521 | _aAdvanced | ||
| 590 | _aKA | ||
| 651 | 4 |
_aEngland and Wales _y1543- |
|
| 690 | _aPROPERTY-PROPERTY MANAGEMENT-EASEMENTS-RIGHTS TO LIGHT DETERMINATION | ||
| 700 | 1 | _aStephens, Jessica | |
| 700 | 1 | _aO'Hagan, Rachael | |
| 942 |
_n0 _2ddc |
||
| 999 |
_c108816 _d108816 |
||